La barrera del tiempo / (Record no. 135156)

MARC details
000 -LEADER
campo de control de longitud fija 00602nam a2200217 i 4500
001 - NÚMERO DE CONTROL
campo de control 135156
003 - IDENTIFICADOR DE NÚMERO DE CONTROL
campo de control ES-MaACL
005 - FECHA Y HORA DE LA ÚLTIMA TRANSACCIÓN
campo de control 20230906194822.0
007 - CAMPO FIJO DE DESCRIPCIÓN FÍSICA--INFORMACIÓN GENERAL
campo de control de longitud fija t|
008 - DATOS DE LONGITUD FIJA--INFORMACIÓN GENERAL
campo de control de longitud fija 070711s1971 sp ||||1| spa d
080 ## - NÚMERO DE LA CLASIFICACIÓN DECIMAL UNIVERSAL
Número de la Clasificación Decimal Universal 820-96"19"
080 ## - NÚMERO DE LA CLASIFICACIÓN DECIMAL UNIVERSAL
Número de la Clasificación Decimal Universal 115
100 1# - ENTRADA PRINCIPAL--NOMBRE DE PERSONA
Nombre de persona Tomas, Andrew.
9 (RLIN) 110497
245 13 - MENCIÓN DEL TÍTULO
Título La barrera del tiempo /
Mención de responsabilidad, etc. Andrew Tomas ; [traducción de Ramón Planes].
250 ## - MENCION DE EDICION
Mención de edición [1ª ed.].
260 ## - PUBLICACIÓN, DISTRIBUCIÓN, ETC.
Lugar de publicación, distribución, etc. [Barcelona] :
Nombre del editor, distribuidor, etc. Plaza Janés,
Fecha de publicación, distribución, etc. [1971]
300 ## - DESCRIPCIÓN FÍSICA
Extensión 266 p., 3 h. :
Otras características físicas il.
650 14 - PUNTO DE ACCESO ADICIONAL DE MATERIA--TÉRMINO DE MATERIA
Término de materia o nombre geográfico como elemento de entrada Tiempo.
9 (RLIN) 17529
700 1# - ENTRADA AGREGADA--NOMBRE PERSONAL
Nombre de persona Planes, Ramón.
9 (RLIN) 92557
852 ## - LOCALIZACIÓN
Ubicación ES-MaACL
Número de control de estantería C-38375
Sublocalización o colección R.79240
Holdings
Estatus retirado Estado de pérdida Estado de daño No para préstamo Biblioteca de origen Biblioteca actual Ubicación en estantería Fecha de adquisición Fuente de adquisición Total de préstamos Signatura topográfica completa Código de barras Visto por última vez Precio de reemplazo Tipo de ítem Koha
        Biblioteca del Ateneo de Madrid Biblioteca del Ateneo de Madrid Depósito 2 17/01/2008     C-38375 1140675 23/02/2023 23/02/2023 Libro impreso